Financial institutions management : (Record no. 3268)

000 -LEADER
fixed length control field 00979nam a2200253 4500
003 - CONTROL NUMBER IDENTIFIER
control field OSt
005 - DATE AND TIME OF LATEST TRANSACTION
control field 20211028125948.0
008 - FIXED-LENGTH DATA ELEMENTS--GENERAL INFORMATION
fixed length control field 211028b ||||| |||| 00| 0 eng d
020 ## - INTERNATIONAL STANDARD BOOK NUMBER
International Standard Book Number 9781259922046
040 ## - CATALOGING SOURCE
Transcribing agency Alupe University
050 ## - LIBRARY OF CONGRESS CALL NUMBER
Classification number HG181
Item number .S28 2018
100 ## - MAIN ENTRY--PERSONAL NAME
Personal name Saunders, Anthony
245 ## - TITLE STATEMENT
Title Financial institutions management :
Remainder of title a risk management approach/
Statement of responsibility, etc. Anthony Saunders and Marcia Millon Cornett
250 ## - EDITION STATEMENT
Edition statement 9. edition,
Remainder of edition statement international student edition
260 ## - PUBLICATION, DISTRIBUTION, ETC.
Place of publication, distribution, etc. New York, NY :
Name of publisher, distributor, etc. McGraw-Hill Education,
Date of publication, distribution, etc. [2018] ©2018
300 ## - PHYSICAL DESCRIPTION
Extent xxi, 886p :
Other physical details ill,
Dimensions 28cm
440 ## - SERIES STATEMENT/ADDED ENTRY--TITLE
Title The McGraw-Hill/Irwin series in finance, insurance and real estate
500 ## - GENERAL NOTE
General note Includes Index
650 ## - SUBJECT ADDED ENTRY--TOPICAL TERM
Topical term or geographic name entry element Financial institutions -- United States -- Management.
650 ## - SUBJECT ADDED ENTRY--TOPICAL TERM
Topical term or geographic name entry element Risk management -- United States.
650 ## - SUBJECT ADDED ENTRY--TOPICAL TERM
Topical term or geographic name entry element Financial service industry -- United States -- Management.
700 ## - ADDED ENTRY--PERSONAL NAME
Personal name Marcia Millon Cornett
942 ## - ADDED ENTRY ELEMENTS (KOHA)
Source of classification or shelving scheme
Koha item type Book
Suppress in OPAC SO
Holdings
Withdrawn status Lost status Source of classification or shelving scheme Damaged status Not for loan Permanent Location Current Location Shelving location Date acquired Source of acquisition Total Checkouts Full call number Barcode Date last seen Price effective from Koha item type Public note
          AU LIBRARY AU LIBRARY Open Shelf 28.10.2021 DONATION FROM CAPITAL MARKET AUTHORITY   HG181 .S28 2018 28004468 28.10.2021 28.10.2021 Book SO

Powered by Koha